00686nam a22002057a 450000500170000001000150001702000260003203500130005803700130007108200170008424501020010126000380020327000430024130000260028450000680031065000330037870000230041170000220043470000240045620141201112425.0 aENG-111246 a9788125056140c595.00 aEN-94778 bDBAD/PUB a333.95160954 aNature without borders /cedited by Mahesh Rangarajan, M. D. Madhusudan [and] Ghazala Shahabuddin aNew DelhibOrient Blackswanc2014 a1/24, Asaf Ali RoadbNew Delhie110002 axii, 270p. c23cm(Hb) a Includes bibliographical references (pages 215-254) and index. aNature conservation zIndia. aRangarajan, Mahesh aMadhusudan, M. D. aGhazala Shahabuddin